<?xml version="1.0" encoding="UTF-8"?><?xml-stylesheet type="text/xsl" href="static/style.xsl"?><OAI-PMH xmlns="http://www.openarchives.org/OAI/2.0/" xmlns:xsi="http://www.w3.org/2001/XMLSchema-instance" xsi:schemaLocation="http://www.openarchives.org/OAI/2.0/ http://www.openarchives.org/OAI/2.0/OAI-PMH.xsd"><responseDate>2026-04-18T00:34:30Z</responseDate><request verb="GetRecord" identifier="oai:www.recercat.cat:2072/472161" metadataPrefix="marc">https://recercat.cat/oai/request</request><GetRecord><record><header><identifier>oai:recercat.cat:2072/472161</identifier><datestamp>2025-07-29T22:22:29Z</datestamp><setSpec>com_2072_98</setSpec><setSpec>col_2072_378192</setSpec></header><metadata><record xmlns="http://www.loc.gov/MARC21/slim" xmlns:dcterms="http://purl.org/dc/terms/" xmlns:xsi="http://www.w3.org/2001/XMLSchema-instance" xmlns:doc="http://www.lyncode.com/xoai" xsi:schemaLocation="http://www.loc.gov/MARC21/slim http://www.loc.gov/standards/marcxml/schema/MARC21slim.xsd">
   <leader>00925njm 22002777a 4500</leader>
   <datafield ind2=" " ind1=" " tag="042">
      <subfield code="a">dc</subfield>
   </datafield>
   <datafield ind2=" " ind1=" " tag="720">
      <subfield code="a">Herranz Velázquez, Fernando</subfield>
      <subfield code="e">author</subfield>
   </datafield>
   <datafield ind2=" " ind1=" " tag="720">
      <subfield code="a">Ranea-Triviño, Beatriz</subfield>
      <subfield code="e">author</subfield>
   </datafield>
   <datafield ind2=" " ind1=" " tag="260">
      <subfield code="c">2023</subfield>
   </datafield>
   <datafield ind2=" " ind1=" " tag="520">
      <subfield code="a">El expresidente del Gobierno de España José Luis Rodríguez Zapatero ha regresado a la actualidad política por su defensa pública de las políticas de igualdad y diversidad. Este artículo plantea un acercamiento crítico a su figura durante los años de su mandato como presidente (2004-2011) para analizar su rol en la institucionalización del feminismo en el Estado español, desde una perspectiva histórica y sociológica. Asimismo, se reflexiona sobre el modelo de liderazgo y las rupturas y permanencias de los mandatos de la masculinidad hegemónica de un presidente autopercibido como feminista.</subfield>
   </datafield>
   <datafield ind2=" " ind1=" " tag="520">
      <subfield code="a">L'expresident del Govern d'Espanya José Luis Rodríguez Zapatero ha tornat a l'actualitat política per la seva defensa pública de les polítiques d'igualtat i diversitat. Aquest article planteja un apropament crític a la seva figura durant els anys del seu mandat com a president (2004 - 2011) per a analitzar el seu rol en la institucionalització del feminisme en l'Estat espanyol, des d'una perspectiva històrica i sociològica. Així mateix, es reflexiona sobre el model de lideratge i les ruptures i permanències dels mandats de la masculinitat hegemònica d'un president autopercebut com a feminista.</subfield>
   </datafield>
   <datafield ind2=" " ind1=" " tag="520">
      <subfield code="a">The former President of the Government of Spain, José Luis Rodríguez Zapatero, has returned to the political spotlight due to his public advocacy of equality and diversity policies. This article offers a critical examination of his role during his presidency (2004-2011) to analyze his contribution to the institutionalization of feminism in Spain from a historical and sociological perspective. Additionally, it reflects on the leadership model and the continuities and ruptures in the mandates of hegemonic masculinity of a president who self-identifies as a feminist.</subfield>
   </datafield>
   <datafield tag="653" ind2=" " ind1=" ">
      <subfield code="a">Masculinity</subfield>
   </datafield>
   <datafield tag="653" ind2=" " ind1=" ">
      <subfield code="a">Gender</subfield>
   </datafield>
   <datafield tag="653" ind2=" " ind1=" ">
      <subfield code="a">Public Policies</subfield>
   </datafield>
   <datafield tag="653" ind2=" " ind1=" ">
      <subfield code="a">Feminist History</subfield>
   </datafield>
   <datafield tag="653" ind2=" " ind1=" ">
      <subfield code="a">Masculinidad</subfield>
   </datafield>
   <datafield tag="653" ind2=" " ind1=" ">
      <subfield code="a">Género</subfield>
   </datafield>
   <datafield tag="653" ind2=" " ind1=" ">
      <subfield code="a">Políticas públicas</subfield>
   </datafield>
   <datafield tag="653" ind2=" " ind1=" ">
      <subfield code="a">Historia del feminismo</subfield>
   </datafield>
   <datafield tag="653" ind2=" " ind1=" ">
      <subfield code="a">Masculinitat</subfield>
   </datafield>
   <datafield tag="653" ind2=" " ind1=" ">
      <subfield code="a">Gènere</subfield>
   </datafield>
   <datafield tag="653" ind2=" " ind1=" ">
      <subfield code="a">Polítiques públiques</subfield>
   </datafield>
   <datafield tag="653" ind2=" " ind1=" ">
      <subfield code="a">Història del feminisme</subfield>
   </datafield>
   <datafield ind2="0" ind1="0" tag="245">
      <subfield code="a">José Luis Rodríguez Zapatero ¿un presidente feminista? : un análisis crítico desde los estudios feministas y de las masculinidades</subfield>
   </datafield>
</record></metadata></record></GetRecord></OAI-PMH>